000
00228nam a22000857a 4500
008
160712b xxu||||| |||| 00| 0 eng d
100
_9
2643
_a
Bail, S
245
_a
A Necessary Journey
260
_a
New Delhi
_b
Children Book Trust
_c
2003
999
_c
2296
_d
2296